Nomi dei calciatori - Quiz n°51 - Statistics

Statistiche generali
  • Questo quiz è stato fatto 37 volte
  • Il punteggio medio è 8 su 10
Statistiche sulle risposte
Hint Risposta % Corretto
Cannavaro Paolo
94%
Kalulu Pierre
91%
Hazard Thorgan
88%
Hernández Lucas
85%
Subašić Danijel
82%
Draxler Julian
82%
Guendouzi Mattéo
76%
Zakaria Denis
74%
Carrick Michael
65%
Bradley Michael
53%
Nessun quiz corrispondente trovato
Distribuzione punteggi
Percentuale di utenti per punteggio
Percentile per numero di risposta
I tuoi punteggi nel tempo
Non hai fatto questo quiz